| 000 | 00663nam a2200217 a 4500 | ||
|---|---|---|---|
| 001 | 000003933 | ||
| 005 | 20200929150629.0 | ||
| 008 | 090715s2007 cr 001 spa d | ||
| 020 | _a9789977238715 | ||
| 040 |
_aDO-SdBNP _bspa _cBNPHU |
||
| 082 |
_aCR863.44 _bA472h |
||
| 100 | 1 |
_aAlvarado Quesada, Carlos _911839 |
|
| 245 | 1 | 3 |
_aLa historia de Cornelius Brown : _bnovela / _cCarlos Alvarado Quesada. |
| 260 |
_aSan José, Costa Rica : _bCosta Rica, _c2007. |
||
| 300 |
_a127 p. ; _c21 cm. |
||
| 500 | _aIncluye indice | ||
| 586 | _aPremio Joven Creacion | ||
| 650 | 4 |
_aNovela costarricense _911840 |
|
| 650 | 4 |
_aLiteratura costarricense _93332 |
|
| 049 | _aBNPD | ||
| 999 |
_c3752 _d3752 |
||